000
00224 a2200097 4500
001
13546
100
_a
Corwin E.S
245
_a
The constitution
260
_a
New Jersey
_b
Princeton university press
_c
090
_c
10549
_d
10549
942
_a
NUST-CAE
_c
M
_c
613
999
_c
248619
_d
248619